Normal view
MARC view
- Editor Emil j.Eichblatt jr
Entry Personal Name
001 - CONTROL NUMBER
- control field: 127189
003 - CONTROL NUMBER IDENTIFIER
- control field: NUST
005 - DATE AND TIME OF LATEST TRANSACTION
- control field: 20241218145342.0
008 - FIXED-LENGTH DATA ELEMENTS
- fixed length control field: 241218|| aca||aabn | a|a d
040 ## - CATALOGING SOURCE
- Original cataloging agency: NUST
- Transcribing agency: NUST
100 ## - HEADING--PERSONAL NAME
- Personal name: Editor Emil j.Eichblatt jr
670 ## - SOURCE DATA FOUND
- Source citation: Work cat.: (NUST)559977: Editor Emil j.Eichblatt jr, Test and Evaluation of the Tactical Missile, 1989
